LEADER 00897nam0-22003011i-450- 001 990006477190403321 005 20001010 035 $a000647719 035 $aFED01000647719 035 $a(Aleph)000647719FED01 035 $a000647719 100 $a20001010d--------km-y0itay50------ba 101 0 $aita 105 $ay-------001yy 200 1 $aConsiderazioni sulla storiografia generale dell'Africa$e(1977-1982)$fTeobaldo Filesi 210 $aRoma$cIst. Italiano-Africano$d1984. 215 $a59 p.$d24 cm 225 1 $aQuaderni della rivista Africa$v10 676 $a960.1 700 1$aFilesi,$bTeobaldo$f<1912-2002>$0214871 801 0$aIT$bUNINA$gRICA$2UNIMARC 901 $aBK 912 $a990006477190403321 952 $aCOLLEZ. 46 (10)$b25649$fFSPBC 959 $aFSPBC 996 $aConsiderazioni sulla storiografia generale dell'Africa$9652231 997 $aUNINA DB $aGEN01 LEADER 00832cam0 22002531 450 001 SOBE00050056 005 20151117175409.0 010 $a9788874900831 100 $a20151117d2012 |||||ita|0103 ba 101 $aita 102 $aIT 200 1 $aNuove geografie artistiche$ele mostre al tempo della globalizzazione$fRoberto Pinto 210 $aMilano$cPostmedia$d2012 215 $a287 p.$cill.$d21 cm 700 1$aPinto$b, Roberto$3SOBA00012010$4070$0616273 801 0$aIT$bUNISOB$c20151117$gRICA 850 $aUNISOB 852 $aUNISOB$j700$m166473 912 $aSOBE00050056 940 $aM 102 Monografia moderna SBN 941 $aM 957 $a700$b004871$gSI$d166473$n20151117$rdono$tV$1menle$2UNISOB$3UNISOB$420151117175313.0$520151117175409.0$6menle 996 $aNuove geografie artistiche$91080462 997 $aUNISOB